书目信息 |
| 题名: |
口才学
|
|
| 作者: | 胡卫红 著 | |
| 分册: | 下 | |
| 出版信息: | 海拉尔 内蒙古文化出版社 |
|
| 页数: | 171-344页 | |
| 开本: | 21cm | |
| 丛书名: | 21世纪素质教育指导丛书 | |
| 单 册: | ||
| 中图分类: | H019 | |
| 科图分类: | ||
| 主题词: | 口才学 | |
| 电子资源: | ||
| ISBN: | 978-7-80506-845-9 | |
| 000 | 00887nam 2200253 45 | |
| 001 | 012004000000 | |
| 005 | 20100818112227.51 | |
| 010 | @a978-7-80506-845-9@dCNY29.80@z978-7-80506-845-3 | |
| 100 | @a20100515d2000 em y0chiy0121 ea | |
| 101 | 0 | @achi |
| 102 | @aCN@b150000 | |
| 105 | @ay z 000yy | |
| 200 | 1 | @a口才学@Akou cai xue@h下@f胡卫红著 |
| 210 | @a海拉尔@c内蒙古文化出版社 | |
| 210 | @a海拉尔@c内蒙古文化出版社@d2000.05 | |
| 215 | @a171-344页@d21cm | |
| 225 | 2 | @a21世纪素质教育指导丛书 |
| 330 | @a本书分为十章:第一,口才——让你跟成功更接近;第二,学会赞美;第三,男性口才;第四,女性口才;第五,幽默口才;第六,演讲口才;第七,辩论口才;第八,交际口才;第九,公关口才;第十,商战口才。 | |
| 410 | 0 | @12001 @a21世纪素质教育指导丛书 |
| 606 | 0 | @a口才学 |
| 690 | @aH019@v4 | |
| 701 | 0 | @a胡卫红@Ahu wei hong@4著 |
| 801 | 0 | @aCN@c20100515 |
| 905 | @dH019@eH510:2@f3 | |
| 口才学.下/胡卫红著.-海拉尔:内蒙古文化出版社.-海拉尔:内蒙古文化出版社,2000.05 |
| 171-344页;21cm.-(21世纪素质教育指导丛书) |
| ISBN 978-7-80506-845-9:CNY29.80 |
| 本书分为十章:第一,口才——让你跟成功更接近;第二,学会赞美;第三,男性口才;第四,女性口才;第五,幽默口才;第六,演讲口才;第七,辩论口才;第八,交际口才;第九,公关口才;第十,商战口才。 |
| ● |
| 相关链接 |
|
|
|
正题名:口才学
索取号:H019/H510:2
 
预约/预借
| 序号 | 登录号 | 条形码 | 馆藏地/架位号 | 状态 | 备注 |
| 1 | 1029806 | 210298060 | 语言库209/209语言库 63排2列2层/ [索取号:H019/H510:2] | 在馆 | |
| 2 | 1029807 | 210298079 | 自科二线404/209语言库 63排2列2层/ [索取号:H019/H510:2] | 在馆 | |
| 3 | 1029808 | 210298088 | 语言库209/209语言库 63排2列2层/ [索取号:H019/H510:2] | 在馆 |